METALLURGY FOR ENGINEERS CASTING WELDING AND WORKING (Record no. 568545)
[ view plain ]
| 000 -LEADER | |
|---|---|
| fixed length control field | 00304nam a22001097a 4500 |
| 082 ## - DEWEY DECIMAL CLASSIFICATION NUMBER | |
| Classification number | 669.01 WUL'M |
| 100 ## - MAIN ENTRY--PERSONAL NAME | |
| Personal name | TAYLOR, HOWARD F,SHALER, AMOS J,WULFF, JOHN |
| 9 (RLIN) | 58352 |
| 245 ## - TITLE STATEMENT | |
| Title | METALLURGY FOR ENGINEERS CASTING WELDING AND WORKING |
| 260 ## - PUBLICATION, DISTRIBUTION, ETC. | |
| Place of publication, distribution, etc. | NEWYORK |
| Name of publisher, distributor, etc. | JOHN WILEY |
| Date of publication, distribution, etc. | 1952 |
| 300 ## - PHYSICAL DESCRIPTION | |
| Extent | 624P |
| 942 ## - ADDED ENTRY ELEMENTS (KOHA) | |
| Koha item type | Book |
| Withdrawn status | Lost status | Damaged status | Not for loan | Permanent Location | Current Location | Shelving location | Date acquired | Total Checkouts | Full call number | Barcode | Date last seen | Price effective from | Koha item type |
|---|---|---|---|---|---|---|---|---|---|---|---|---|---|
| College of Electrical & Mechanical Engineering (CEME) | College of Electrical & Mechanical Engineering (CEME) | General Stacks | 07/17/2017 | 669.01 WUL'M | CEME-3115 | 06/28/2021 | 06/28/2021 | Book |
